Simposio Internacional sobre Eliminación de Barreras de Comunicación (Record no. 11917)

MARC details
000 -LEADER
campo de control de longitud fija 01215nam a22002775i 4500
001 - NÚMERO DE CONTROL
campo de control 11917
003 - IDENTIFICADOR DE NÚMERO DE CONTROL
campo de control ES-MaACL
005 - FECHA Y HORA DE LA ÚLTIMA TRANSACCIÓN
campo de control 20230906150212.0
007 - CAMPO FIJO DE DESCRIPCIÓN FÍSICA--INFORMACIÓN GENERAL
campo de control de longitud fija t|
008 - DATOS DE LONGITUD FIJA--INFORMACIÓN GENERAL
campo de control de longitud fija 941011s1994 sp ||||0| spa j
020 ## - NÚMERO INTERNACIONAL ESTÁNDAR DEL LIBRO
Número Internacional Estándar del Libro 84-86852-46-3
040 ## - FUENTE DE CATALOGACIÓN
Centro catalogador/agencia de origen M-BN
Lengua de catalogación spa
Centro/agencia transcriptor M-BN
080 ## - NÚMERO DE LA CLASIFICACIÓN DECIMAL UNIVERSAL
Número de la Clasificación Decimal Universal 615.8-056.263(063)
111 2# - ENTRADA PRINCIPAL--NOMBRE DE CONGRESO/REUNIÓN
Nombre de congreso/reunión o jurisdicción como elemento de entrada Simposio Internacional sobre Eliminación de Barreras de Comunicación (
Fecha del congreso o de la firma del tratado 1993.
Sede del congreso/Lugar de la reunión Madrid)
9 (RLIN) 1078
245 10 - MENCIÓN DEL TÍTULO
Título Simposio Internacional sobre Eliminación de Barreras de Comunicación
Resto del título : Madrid, 24, 25 y 26 de julio de 1993 /
Mención de responsabilidad, etc. organización, Instituto Nacional de Servicios Sociales y Federación Española de Asociaciones de Padres y Amigos de los Sordos.
250 ## - MENCION DE EDICION
Mención de edición 1ª ed.
260 ## - PUBLICACIÓN, DISTRIBUCIÓN, ETC.
Lugar de publicación, distribución, etc. Madrid :
Nombre del editor, distribuidor, etc. Instituto Nacional de Servicios Sociales,
Fecha de publicación, distribución, etc. 1994.
300 ## - DESCRIPCIÓN FÍSICA
Extensión 202 p ;
Dimensiones 22 cm.
490 1# - MENCIÓN DE SERIE
Mención de serie Colección Rehabilitación ;
Designación de volumen o secuencia 44
650 14 - PUNTO DE ACCESO ADICIONAL DE MATERIA--TÉRMINO DE MATERIA
Término de materia o nombre geográfico como elemento de entrada Sordos-
Subdivisión general Rehabilitación-
Subdivisión de forma Congresos y asambleas.
9 (RLIN) 17230
710 2# - ENTRADA AGREGADA--NOMBRE DE ENTIDAD CORPORATIVA
Nombre de entidad corporativa o nombre de jurisdicción como elemento de entrada Instituto Nacional de Servicios Sociales (España)
9 (RLIN) 5189
710 2# - ENTRADA AGREGADA--NOMBRE DE ENTIDAD CORPORATIVA
Nombre de entidad corporativa o nombre de jurisdicción como elemento de entrada Federación Ibérica de Asociaciones de Padres y Amigos de los Sordos.
9 (RLIN) 4107
830 0# - PUNTO DE ACCESO ADICIONAL DE SERIE-TÍTULO UNIFORME
Título uniforme Colección Rehabilitación ;
Designación de volumen o secuencia 44
9 (RLIN) 179226
852 ## - LOCALIZACIÓN
Ubicación ES-MaACL
Número de control de estantería L-19149
Sublocalización o colección R.122974
Holdings
Estatus retirado Estado de pérdida Estado de daño No para préstamo Biblioteca de origen Biblioteca actual Ubicación en estantería Fecha de adquisición Fuente de adquisición Total de préstamos Signatura topográfica completa Código de barras Visto por última vez Precio de reemplazo Tipo de ítem Koha
        Biblioteca del Ateneo de Madrid Biblioteca del Ateneo de Madrid Depósito 2 17/01/2008     L-19149 1012144 23/02/2023 23/02/2023 Libro impreso